Statystyki dla Najpopularniejsze Imiona Chłopców Urodzonych w 2018

Kliknij tutaj aby rozwiązać quiz!

Ogólne statystyki

  • Ten quiz został rozwiązany 1 441 razy
  • Średni wynik to 8 z 14

Statystyki odpowiedzi

Lp.Liczba dzieciImię% Poprawnych
28908Jakub
82%
38457Jan
78%
144586Michał
69%
105437Kacper
61%
19329Antoni
59%
115168Adam
56%
48234Szymon
55%
76407Filip
51%
57324Aleksander
49%
134649Stanisław
46%
67094Franciszek
45%
95862Wojciech
42%
86008Mikołaj
40%
124661Marcel
28%

Rozkład punktacji

Percentyl według liczby udzielonych odpowiedzi

Procent ludzi z każdym wynikiem

Twoja historia wyników

Nie rozwiązałeś tego quizu